Music Quiz

Random Music or Kpop Quiz

Guess My Most Played Block B songs! [audio] Quiz Stats

 Plays Quiz not verified by Sporcle

Challenge
Share
Tweet
Score 0/20 Timer 10:00
0 Plays Today
Number Answer % Correct
11Jackpot
86.4%
5Her
85%
13Yesterday
84.3%
3Very Good
82.1%
4Toy
79.3%
6Nalina
77.1%
18 (Solo)I Am You, You Are Me
71.4%
7Nillili Mambo
70%
15 (Solo)Eureka
66.4%
14A Few Years Later
58.6%
Number Answer % Correct
20 (Solo)Ordinary Love
56.4%
9 (Sub-Unit)Selfish & Beautiful Girl
50%
2Bingle Bingle
45%
1 (Solo)Inferiority Complex
43.6%
19Nice Day
40%
8Walkin' In The Rain
37.9%
10LOL
32.1%
17Action
28.6%
16 (Solo)Ogeul Ogeul
21.4%
12Synchronisation 100%
8.6%

You're not logged in!

Compare scores with friends on all Sporcle quizzes.
OR
Log In

You Might Also Like...

Show Comments

Extras

Created Jun 24, 2017ReportNominate
Tags:Kpop Quiz, Block B, Kpop Quiz

Top Quizzes Today


Score Distribution

Your Account Isn't Verified!

In order to create a playlist on Sporcle, you need to verify the email address you used during registration. Go to your Sporcle Settings to finish the process.

Report this User

Report this user for behavior that violates our Community Guidelines.

Details: